| 000 | 01598cad a22002175a 4500 | ||
|---|---|---|---|
| 001 | L157629 | ||
| 008 | 140409s2014 xxk f 000 0 eng d | ||
| 020 | _a9781409841524 | ||
| 035 | _a(Sirsi) u158074 | ||
| 041 | 0 | _aeng | |
| 110 | 2 |
_aUnited Kingdom _bDepartment for Communities and Local Government _94939 |
|
| 245 | 0 | 0 |
_aEnglish housing survey _bheadline report 2012-13[electronic resource] |
| 260 |
_aLondon _bEHS _c2014 |
||
| 520 | _aPreliminary findings of the English Housing Survey (EHS) for 2012-13. The report is split into two sections. The first focuses on the profile of households including trends in tenures and the demographic and economic characteristics of households. It also covers rents and housing benefit for both social and private renters, recent movers, mortgage difficulties, and overcrowding and under-occupation. Section two provides an overview of the housing stock in England including the age, size, and type of home and presents measures of living conditions in England. This includes: energy efficiency of the housing stock; decent homes; and homes affected by damp and mould. There are a number of additional tables presented in an annex which provide further detail to that covered in the main body of the report. | ||
| 590 | _aKA | ||
| 650 | 2 | 4 | _aENGLISH HOUSING SURVEY |
| 651 | 4 |
_aEngland _y886- |
|
| 690 |
_aResidential property _96266 |
||
| 856 | 4 | 0 |
_uhttps://www.gov.uk/government/uploads/system/uploads/attachment_data/file/284648/English_Housing_Survey_Headline_Report_2012-13.pdf _zView the item free of charge at www.communities.gov.uk |
| 942 | _n0 | ||
| 999 |
_c115124 _d115124 |
||